Biblioteca

Evangelio sinópticos y Hechos de los Apóstoles (Registro nro. 31656)

Detalles MARC
000 -LÍDER
Campo fijo de descripción fija 009080000a22002650004500
001 - NÚMERO DE CONTROL
Campo de control 105
003 - IDENTIFICADOR DEL NÚMERO DE CONTROL
Campo de control CO-MdFUSB
005 - FECHA Y HORA DE LA ULTIMA TRANSACCIÓN
control field 20160528131820.0
008 - ELEMENTOS DE LONGITUD FIJA -- INFORMACIÓN GENERAL
Campo fijo de descripción fija -- Información general 160528t1994 sp f |||| 00| 0 spa d
020 ## - NÚMERO INTERNACIONAL NORMALIZADO PARA LIBROS
Número Internacional Normalizado del libro 84-7151-730-2
040 ## - FUENTE DE CATALOGACIÓN
Agencia de catalogación original CO-MdFUSB
Idioma de catalogación Españolo
Agencia que realiza la transcripción CO-MdFUSB
Agencia que realiza la modificación CO-MdFUSB
041 0# - CÓDIGO DE IDIOMA
Código de idioma para texto/pista de sonido o título separado spa
082 04 - NÚMERO DE CLASIFICACIÓN DECIMAL DEWEY
Número de clasificación R 220.61 A2841e
100 1# - ASIENTO PRINCIPAL--NOMBRE PERSONAL
Nombre personal Aguirre, Rafael (1937-)
245 00 - TÍTULO
Título del Material Evangelio sinópticos y Hechos de los Apóstoles
Mención de responsabilidad, etc. / Rafael Aguirre Monasterio, Antonio Rodríguez Carmona
250 ## - MENCIÓN DE EDICIÓN
Mención de edición 2
264 ## - PRODUCCIÓN, PUBLICACIÓN, DISTRIBUCIÓN, MANUFACTURA, Y COPYRIGHT
Lugar de producción, publicación, distribución, manufactura Navarra, España
Nombre del productor, publicador, distribuidor : Verbo Divino,
Fecha de producción, publicación, distribución, manufactura, o copyright 1994
300 ## - DESCRIPCIÓN FÍSICA
Extensión 404 Pag.
336 ## - TIPO DE CONTENIDO
Fuente rdacontent
Término de tipo de contenido
Código de tipo de contenido
337 ## - TIPO DE MEDIO
Fuente rdamedia
Nombre del tipo de medio
Código del tipo de medio
338 ## - TIPO DE SOPORTE
Fuente rdacarrier
Nombre del tipo de soporte
Código Tipo de soporte
505 ## - NOTA DE CONTENIDO
Nota de contenido con formato preestablecido 1. Introducción a los evangelios 2. Evangelio según san Marcos 3. Evangelio según san Mateo 4. La obra de Lucas
653 ## - TÉRMINO DE INDIZACIÓN - NO CONTROLADO
Término no controlado BIBLIA N.T.
-- - EVANGELIOS SINOPTICOS Y HECHOS DE LOS APOSTOLES
942 ## - TIPO DE MATERIAL (KOHA)
Tipo de Item KOHA Libros General
Existencias
Estado de Material Estado de Perdido Forma de Clasificación Estado de Dañado No para Préstamo Colección Tomo Biblioteca de Origen Biblioteca Permanente Fecha de Adquisición Total de Préstamos Total de Renovaciones Signatura Topográfica Código de Barras Última vez visto Última vez Préstado Ejemplar/Existencia Fecha de Remplazo Tipo de Material
    Dewey Decimal Classification     Colección de Referencia   Biblioteca FUSBC Biblioteca FUSBC 25/08/2004 3 1 R 220.61 A2841e 4019 04/04/2025 17/07/2023 Vol. 6, ej. 1 26/01/2016 Libros de Referencia

Biblioteca FUSBC | Teléfono: (57+4) 349 88 10 Ext. 141| WhatsApp (+57) 3005338115 
E-mail: biblioteca@unisbc.edu.co | Calle 76 87-14 Robledo Palenque, Medellín, Colombia

Con tecnología Koha